[Event "Tourn. n7841"]
[Site "www.chess-mail.com"]
[Date "2015.01.21"]
[Round "1"]
[White "Madz123456"]
[Black "Numanoid"]
[WhiteElo "2410"]
[BlackElo "2490"]
[Result "0-1"]
[Round "1"]
1.c4 g6
2.g3 Bf8g7
3.Bf1g2 d6
4.Nb1c3 e5
5.e3 Nb8c6
6.Ng1e2 f5
7.d4 Ng8f6
8.d5 Nc6e7
9.b3 O-O
10.O-O a6
11.Bc1b2 g5
12.a4 Qd8e8
13.f3 Qe8h5
14.Bb2a3 b6
 { time }
0-1

[Event "Tourn. n7928"]
[Site "www.chess-mail.com"]
[Date "2015.01.21"]
[Round "1"]
[White "Orhany24"]
[Black "Picifarkinca"]
[WhiteElo "1870"]
[BlackElo "1980"]
[Result "0-1"]
[Round "1"]
1.d4 Ng8f6
2.c4 e5
3.d5 Bf8c5
4.Nb1c3 d6
5.e4 Nf6g4
6.Ng1h3 h6
7.Bf1d3 Nb8a6
8.a3 Qd8h4
9.O-O Ng4f6
10.Bc1e3 Bc8xh3
11.gxh3 Qh4xh3
12.Be3xc5 Nf6g4
13.Rf1e1 Na6xc5
14.Qd1c2 Qh3xh2
15.Kf1 Nc5xd3
{ resign }
0-1

[Event "Tourn. n7930"]
[Site "www.chess-mail.com"]
[Date "2015.01.21"]
[Round "1"]
[White "A27l"]
[Black "Azulmarino"]
[WhiteElo "1420"]
[BlackElo "1550"]
[Result "0-1"]
[Round "1"]
1.e4 e5
2.d3 Bf8e7
3.Ng1f3 Nb8c6
4.Bf1e2 h6
5.O-O d6
6.h3 Bc8d7
7.Nf3h2 Ng8f6
8.Be2g4 h5
9.Bg4xd7 Qd8xd7
10.c3 h4
11.Bc1g5 a6
12.Bg5xf6 Be7xf6
13.Qd1g4 Qd7e7
 { time }
0-1

[Event "Tourn. n7785"]
[Site "www.chess-mail.com"]
[Date "2015.01.21"]
[Round "1"]
[White "Ssharp"]
[Black "Pepi2"]
[WhiteElo "2200"]
[BlackElo "2370"]
[Result "1-0"]
[Round "1"]
1.e4 c5
2.Ng1f3 d6
3.Bf1c4 e6
4.d3 Ng8f6
5.Bc1g5 Bf8e7
6.Nb1d2 O-O
7.Bg5xf6 Be7xf6
8.c3 Nb8c6
9.a3 Ra8b8
10.O-O b5
11.Bc4a2 Bc8b7
12.Rf1e1 Qd8c7
13.h3 Rf8d8
14.Nf3h2 Nc6e5
15.Nd2f3 c4
16.d4 Ne5d3
17.Re1e2 e5
18.d5 Nd3f4
19.Re2e3 Rd8c8
20.Ra1c1 Bf6e7
21.Ba2b1 f5
22.Nf3d2 fxe4
23.Bb1xe4  { time }
1-0

[Event "Tourn. n7994"]
[Site "www.chess-mail.com"]
[Date "2015.01.21"]
[Round "1"]
[White "Generalfree"]
[Black "Nham"]
[WhiteElo "1800"]
[BlackElo "1859"]
[Result "0-1"]
[Round "1"]
1.e4 e5
2.Ng1f3 f5
3.exf5 e4
4.Nf3d4 Ng8f6
5.g4 c5
6.Nd4b5 d5
7.d4 Nb8c6
8.dxc5 Bf8xc5
9.g5 Bc8xf5
10.gxf6 O-O
11.fxg7 Rf8f7
12.Rh1g1 Bc5xf2
13.Kxf2 Bf5g4
14.Ke1 Bg4xd1
15.Kxd1 Qd8b6
16.Rg1g5 Rf7xf1
17.Kd2 Qb6f2
18.Kc3 Qf2c5
{ resign }
0-1

[Event "Tourn. n7967"]
[Site "www.chess-mail.com"]
[Date "2015.01.21"]
[Round "1"]
[White "Amaya"]
[Black "Oxycontin"]
[WhiteElo "1890"]
[BlackElo "2090"]
[Result "0-1"]
[Round "1"]
1.d4 d5
2.e3 Ng8f6
3.Bf1d3 e6
4.Nb1d2 c5
5.c3 Nb8c6
6.f4 cxd4
7.cxd4 Bf8d6
8.Ng1f3 O-O
9.a3 g6
10.O-O Bc8d7
11.Nf3e5 Ra8c8
12.Qd1f3 a6
13.Qf3h3 Kg7
14.Nd2f3 h5
15.Qh3g3 Nf6e4
16.Nf3h4 Nc6xe5
17.fxe5 Bd6e7
18.b4 Be7xh4
19.Qg3xh4 Qd8xh4
{ resign }
0-1

[Event "Tourn. n7954"]
[Site "www.chess-mail.com"]
[Date "2015.01.21"]
[Round "1"]
[White "Gatrooper"]
[Black "Anol"]
[WhiteElo "1390"]
[BlackElo "1320"]
[Result "1-0"]
[Round "1"]
1.e4 e5
2.a3 a5
3.d3 d6
4.h3 Nb8c6
5.Ng1f3 g6
6.Nb1c3 Bf8g7
7.Nc3d5 Ng8f6
8.Bc1g5 b6
9.Bg5xf6 Bg7xf6
10.Bf1e2 O-O
11.g4  { time }
1-0

[Event "Tourn. n7928"]
[Site "www.chess-mail.com"]
[Date "2015.01.21"]
[Round "1"]
[White "Cardiff"]
[Black "Anja"]
[WhiteElo "2120"]
[BlackElo "1930"]
[Result "1/2-1/2"]
[Round "1"]
1.d4 Ng8f6
2.c4 c5
3.d5 b5
4.Nb1d2 Bc8b7
5.e4 d6
6.cxb5 a6
7.Ng1f3 g6
8.Bf1d3 axb5
9.Bd3xb5 Nb8d7
10.O-O Bf8g7
11.Rf1e1 O-O
12.a4 Nd7b6
13.Ra1a3 Bb7a6
14.Qd1e2 Ba6xb5
15.Qe2xb5 Qd8c7
16.h3 Rf8b8
17.Qb5d3 Nb6xa4
18.b3 Na4b6
19.Ra3xa8 Rb8xa8
20.Bc1b2 Ra8a2
21.Bb2c3 Nf6h5
22.Bc3xg7 Nh5xg7
23.Nd2c4 Nb6d7
24.Re1e2 Ra2xe2
25.Qd3xe2 Ng7h5
26.g3 Nh5f6
27.Qe2c2 Qc7b8
28.Nc4a5 Qb8b4
29.Na5c6 Qb4xe4
30.Qc2xe4 Nf6xe4
31.Nc6xe7 Kg7
32.Kf1 { draw }
1/2-1/2

[Event "Tourn. n7943"]
[Site "www.chess-mail.com"]
[Date "2015.01.21"]
[Round "1"]
[White "Scasan55"]
[Black "Attatroll"]
[WhiteElo "1900"]
[BlackElo "2040"]
[Result "1-0"]
[Round "1"]
1.e4 e5
2.Ng1f3 Nb8c6
3.Bf1c4 Ng8f6
4.Nb1c3 Bf8b4
5.Nc3d5 Bb4a5
6.Nd5xf6 Qd8xf6
7.c3 O-O
8.O-O d6
9.h3 Bc8d7
10.d3 Ba5b6
11.Rf1e1 a6
12.a3 Bb6a7
13.Bc1e3 Ba7xe3
14.Re1xe3 Qf6f4
15.d4 Ra8d8
16.b4 exd4
17.cxd4 Rf8e8
18.Qd1d3 h6
19.Ra1e1 Nc6e7
20.e5 Bd7f5
21.Qd3b3 d5
22.Bc4d3 Bf5xd3
23.Qb3xd3 Ne7f5
24.Re3e2 g5
25.g3 Nf5xg3
26.fxg3 Qf4xg3
27.Kh1 Qg3xh3
28.Re2h2 Qh3g3
29.Rh2xh6 Kf8
30.Qd3f5 g4
31.Re1f1 gxf3
32.Rf1g1 Qg3f2
33.Qf5f6 { resign }
1-0

[Event "Tourn. n7798"]
[Site "www.chess-mail.com"]
[Date "2015.01.21"]
[Round "1"]
[White "Madz123456"]
[Black "Danquigley"]
[WhiteElo "2350"]
[BlackElo "2550"]
[Result "0-1"]
[Round "1"]
1.e4 c5
2.c3 e6
3.Ng1f3 d5
4.e5 d4
5.Bf1d3 Nb8c6
6.O-O Ng8e7
7.Nb1a3 Ne7g6
8.Rf1e1 a6
9.g3 Bf8e7
10.h4 Qd8c7
11.Qd1e2 f6
12.exf6 Be7xf6
13.Na3c4 b5
14.Bd3xg6 hxg6
15.Nc4e5 Nc6xe5
16.Nf3xe5 Bf6xe5
17.Qe2xe5 Qc7xe5
18.Re1xe5 Rh8h5
19.Re5e2 d3
20.Re2e3 g5
21.Re3e5 g6
22.Re5xc5 gxh4
23.Rc5xh5 gxh5
 { time }
0-1

[Event "Tourn. n7846"]
[Site "www.chess-mail.com"]
[Date "2015.01.21"]
[Round "1"]
[White "Georgepapi"]
[Black "Jjmcbride"]
[WhiteElo "1720"]
[BlackElo "1630"]
[Result "1-0"]
[Round "1"]
1.e4 e5
2.Ng1f3 d6
3.d4 d5
4.Nf3xe5 Qd8e7
5.Bf1e2 f6
6.Ne5f3 dxe4
7.Nf3d2 f5
8.O-O f4
9.Rf1e1 e3
10.fxe3 fxe3
11.Nd2b3 g6
12.Be2b5 Kd8
13.Bc1xe3 b6
14.Qd1f3 c6
15.Bb5xc6 Nb8xc6
16.Qf3xc6 Bc8b7
17.Qc6b5 Qe7c7
18.Be3g5 Bf8e7
19.Bg5xe7 Ng8xe7
20.Qb5g5 Rh8e8
21.Nb1c3 a6
22.Ra1d1 Kc8
23.d5 Qc7d7
24.d6 Ne7f5
25.Re1xe8 Qd7xe8
26.d7 Qe8xd7
27.Rd1xd7 Kxd7
28.Nc3a4 Kc7
29.g4 Nf5d6
30.Qg5e7 Kc6
31.Na4xb6 Kxb6
32.Qe7xd6 Ka7
33.Nb3c5 Ra8c8
34.Qd6e7 { resign }
1-0

[Event "Match"]
[Site "www.echecsemail.com"]
[Date "2015.01.21"]
[Round "1"]
[White "Harrytheking"]
[Black "Karlgrocer"]
[WhiteElo "1760"]
[BlackElo "1960"]
[Result "0-1"]
[Round "1"]
1.c4 e6
2.e4 d6
3.Ng1f3 Ng8f6
4.d3 Bf8e7
5.h3 O-O
6.Bf1e2 b6
7.a4 Bc8b7
8.Bc1e3 Nf6d7
9.Nb1c3 c5
10.O-O e5
11.Nc3d5 Bb7xd5
12.cxd5 a5
13.b3 Nb8a6
14.Qd1d2 f5
15.exf5 Rf8xf5
16.Nf3h2 Be7g5
17.Be3xg5 Rf5xg5
18.h4 Rg5f5
19.Be2g4 Rf5f8
20.Nh2f3 Na6b4
21.Bg4e6 Kh8
22.Nf3g5 Qd8e7
23.Ra1e1 h6
24.Be6xd7 Qe7xd7
25.Ng5e6 Nb4xd5
26.Ne6xf8 Ra8xf8
27.h5 Nd5f4
28.Qd2d1 Qd7f5
29.Re1e3 Kh7
30.Re3f3 Qf5xh5
31.Rf1e1 Qh5f7
32.Qd1c2 Kh8
33.Kf1 Qf7d5
34.Rf3g3 Qd5f7
35.Rg3f3 Qf7h5
36.Rf3xf4 Rf8xf4
37.Re1e4 Qh5h1
38.Ke2 Qh1xg2
39.Re4xf4 exf4
40.Qc2c3 Qg2g4
41.Kf1 f3
42.Ke1 Qg4g1
43.Kd2 Qg1xf2
44.Kc1 Qf2g1
45.Kb2 f2
{ resign }
0-1

[Event "Match"]
[Site "www.echecsemail.com"]
[Date "2015.01.21"]
[Round "1"]
[White "Tenzinnima"]
[Black "Darknight"]
[WhiteElo "2270"]
[BlackElo "1770"]
[Result "1-0"]
[Round "1"]
1.e4 e5
2.Ng1f3 d6
3.d4 exd4
4.Nf3xd4 d5
5.exd5 Bf8c5
6.Nb1c3 a6
7.Bc1e3 c6
8.Qd1f3 Bc8d7
9.Bf1c4 Ng8f6
10.O-O-O Bd7g4
11.Qf3g3 Bc5d6
12.Be3f4 Bd6xf4
13.Qg3xf4 Bg4xd1
14.Rh1e1 Kf8
15.Nd4e6 fxe6
16.dxe6 Ke7
17.Re1xd1 Nb8d7
18.exd7 Rh8f8
19.Qf4d6 
1-0

[Event "Match"]
[Site "www.echecsemail.com"]
[Date "2015.01.21"]
[Round "1"]
[White "Jasmartin"]
[Black "Cardiff"]
[WhiteElo "1750"]
[BlackElo "2120"]
[Result "1/2-1/2"]
[Round "1"]
1.d4 Ng8f6
2.c4 c5
3.Ng1f3 cxd4
4.Nf3xd4 d6
5.Nb1c3 g6
6.e3 Bf8g7
7.Bf1e2 O-O
8.O-O Nb8c6
9.a3 Bc8d7
10.Rf1e1 Ra8c8
11.b3 Rf8e8
12.Ra1a2 a6
13.Nd4f3 Bd7g4
14.Nf3g5 Bg4xe2
15.Nc3xe2 Nc6e5
16.Ne2g3 h6
17.Ng5h3 b5
18.cxb5 axb5
19.Bc1d2 Qd8b6
20.Bd2b4 Re8d8
21.Ra2c2 Qb6b7
22.Nh3f4 Rc8xc2
23.Qd1xc2 Rd8c8
24.Qc2e2 Nf6e4
25.Ng3xe4 Qb7xe4
26.Re1d1 Qe4c2
27.Qe2xc2 Rc8xc2
28.g3 Rc2b2
29.Nf4d5 e6
30.Nd5e7 Kh7
31.Rd1xd6 Rb2xb3
32.Rd6b6 Ne5d3
{ draw }
1/2-1/2

[Event "Match"]
[Site "www.echecsemail.com"]
[Date "2015.01.21"]
[Round "1"]
[White "Reanna"]
[Black "Cardiff"]
[WhiteElo "1720"]
[BlackElo "2120"]
[Result "1/2-1/2"]
[Round "1"]
1.c4 e6
2.g3 d5
3.Qd1b3 dxc4
4.Qb3xc4 Ng8f6
5.Bf1g2 c6
6.Ng1f3 Bf8e7
7.Nf3d4 O-O
8.O-O Nb8d7
9.Nb1c3 Nd7b6
10.Qc4d3 e5
11.Nd4f5 Bc8xf5
12.Qd3xf5 Be7d6
13.Nc3e4 Nf6xe4
14.Bg2xe4 g6
15.Qf5h3 f5
16.Be4c2 Qd8e7
17.d3 Nb6d5
18.Bc1h6 Rf8f7
19.e4 Nd5b4
20.Bc2b3 Nb4xd3
21.Bb3xf7 Qe7xf7
22.b3 fxe4
23.Bh6e3 Ra8f8
24.Qh3h6 Qf7g7
25.Ra1d1 Qg7xh6
26.Be3xh6 Rf8d8
27.Kg2 Nd3b4
28.a4 Nb4d3
29.f3 exf3
30.Rf1xf3 e4
31.Rf3e3 Nd3c5
32.b4 Nc5xa4
33.Re3xe4 Na4c3
34.Rd1xd6 Rd8xd6
35.Re4e7 Nc3d5
36.Re7xb7 a6
37.Rb7g7 Kh8
{ draw }
1/2-1/2

[Event "Match"]
[Site "www.echecsemail.com"]
[Date "2015.01.21"]
[Round "1"]
[White "Cristero"]
[Black "Difficult"]
[WhiteElo "2040"]
[BlackElo "1880"]
[Result "1-0"]
[Round "1"]
1.d4 Ng8f6
2.Ng1f3 g6
3.g3 d5
4.Bf1g2 Bf8g7
5.O-O O-O
6.a4 Nb8c6
7.Nb1c3 Nf6e4
8.Nc3b5 a6
9.Nb5a3 Bc8g4
10.Bc1f4 e6
11.Nf3e5 Nc6xe5
12.Bf4xe5 Bg7xe5
13.dxe5 Ne4c5
14.c3 h5
15.b4 Nc5d7
16.c4 c6
17.cxd5 exd5
18.f4 Qd8e7
19.Qd1d2 Bg4f5
20.Ra1d1 Bf5e6
21.Qd2d4 Ra8c8
22.a5 Rf8d8
23.Na3c2 Nd7f8
24.Nc2e1 Qe7d7
25.Ne1d3 Qd7c7
26.Nd3c5 Rd8e8
27.e4 Re8d8
28.exd5 Be6xd5
29.Bg2xd5 Rd8xd5
30.Qd4e3 Rc8d8
31.Rd1xd5 Rd8xd5
32.Nc5e4 Rd5d8
33.Ne4f6 Kg7
34.f5 Nf8h7
35.Nf6xh7 Kxh7
36.e6 Qc7e7
37.fxg6 { resign }
1-0

[Event "Match"]
[Site "www.echecsemail.com"]
[Date "2015.01.21"]
[Round "1"]
[White "Muller42"]
[Black "Fractal"]
[WhiteElo "1809"]
[BlackElo "1930"]
[Result "1-0"]
[Round "1"]
1.d4 Ng8f6
2.c4 c5
3.d5 b5
4.b3 g6
5.Bc1b2 Bf8g7
6.Ng1f3 d6
7.e3 bxc4
8.bxc4 O-O
9.Bf1d3 a5
10.O-O Nb8a6
11.a3 Bc8d7
12.Nb1c3 Qd8c7
13.Ra1b1 Rf8b8
14.Qd1c2 Qc7a7
15.e4 Na6c7
16.Rf1e1 a4
17.e5 Nf6e8
18.exd6 exd6
19.Re1e7 Bd7g4
20.Nc3b5 Qa7b6
21.Bb2xg7 Bg4xf3
22.Bg7a1  { time }
1-0

[Event "Match"]
[Site "www.echecsemail.com"]
[Date "2015.01.21"]
[Round "1"]
[White "Whitekknight"]
[Black "Generalfree"]
[WhiteElo "1880"]
[BlackElo "1720"]
[Result "1-0"]
[Round "1"]
1.e4 e5
2.Ng1f3 Nb8c6
3.Bf1c4 Ng8f6
4.Nf3g5 d5
5.exd5 Nc6a5
6.Qd1e2 h6
7.Ng5xf7 Kxf7
8.d6 Bc8e6
9.Bc4xe6 Kxe6
10.dxc7 Qd8xc7
11.Nb1c3 Bf8b4
12.O-O Bb4xc3
13.bxc3 g5
14.Rf1e1 Na5c6
15.Bc1b2 a6
16.d4 e4
17.Ra1d1 Kf7
18.Qe2c4 Kg6
19.d5 Qc7b6
20.Bb2c1 Nc6a5
21.Qc4e2 Ra8c8
22.Bc1d2 Rh8d8
23.c4 Na5xc4
24.Bd2c3 Nc4a3
25.Bc3xf6 Kxf6
26.Qe2xe4 Rc8xc2
27.Qe4f3 Kg6
28.Re1e6 Qb6xe6
29.dxe6 Rd8xd1
30.Qf3xd1 { resign }
1-0

[Event "Match"]
[Site "www.echecsemail.com"]
[Date "2015.01.21"]
[Round "1"]
[White "Fangshuo"]
[Black "Generalfree"]
[WhiteElo "2150"]
[BlackElo "1670"]
[Result "1-0"]
[Round "1"]
1.e4 e5
2.g3 g6
3.Bf1g2 b6
4.Ng1f3 Bf8g7
5.d4 exd4
6.Nf3xd4 Bc8b7
7.O-O a6
8.Nb1c3 c5
9.Nd4f3 Bg7xc3
10.bxc3 Bb7xe4
11.Rf1e1 f5
12.Qd1d6 Qd8f6
13.Bc1f4 Qf6xd6
14.Bf4xd6 Nb8c6
15.Nf3g5 Ng8f6
16.Ng5xe4 Nf6xe4
17.Bg2xe4 fxe4
18.Re1xe4 Kd8
19.Ra1b1 b5
20.Bd6xc5 d5
21.Re4e6 Kd7
22.Re6d6 Kc7
23.Rb1d1 Nc6e7
24.Rd1e1 Ne7f5
25.Rd6xd5 Kc6
26.Re1e5 Nf5g7
27.Rd5d6 { resign }
1-0

[Event "Match"]
[Site "www.echecsemail.com"]
[Date "2015.01.21"]
[Round "1"]
[White "Generalfree"]
[Black "Dominiquer"]
[WhiteElo "1830"]
[BlackElo "1810"]
[Result "1-0"]
[Round "1"]
1.e4 e5
2.Ng1f3 Nb8c6
3.Bf1c4 Ng8f6
4.Nf3g5 Bf8c5
5.Bc4xf7 Ke7
6.Bf7c4 Rh8f8
7.d3 d6
8.c3 h6
9.Ng5f3 Bc8g4
10.Nb1d2 Qd8e8
11.h3 Qe8h5
12.b4 Bc5b6
13.a4 a5
14.b5 Nc6a7
15.Rh1f1 Bg4xh3
16.gxh3 Qh5xh3
17.Qd1e2 g5
18.Nf3g1 Qh3g2
19.Qe2f3 Qg2g4
20.Bc1a3 h5
21.Qf3xg4 Nf6xg4
22.Ng1f3 Bb6xf2
23.Ke2 Bf2b6
24.Nf3xg5 h4
25.Bc4d5 c6
26.bxc6 bxc6
27.Bd5b3 Ng4f2
28.Ng5f3 h3
29.Rf1xf2 Bb6xf2
30.Kxf2 Rf8h8
31.Ra1h1 Ra8f8
32.Ke3 Rf8f6
33.Nf3g5 h2
34.Nd2f3 Rf6g6
35.Kf2 c5
36.Kg2 Na7c6
37.Rh1xh2 { resign }
1-0

[Event "Match"]
[Site "www.echecsemail.com"]
[Date "2015.01.21"]
[Round "1"]
[White "Harrytheking"]
[Black "Spartacus42"]
[WhiteElo "1670"]
[BlackElo "1809"]
[Result "0-1"]
[Round "1"]
1.c4 e5
2.e4 d6
3.h3 c6
4.Ng1f3 f5
5.Nb1c3 Ng8f6
6.d3 Bf8e7
7.Bf1e2 O-O
8.O-O fxe4
9.Nf3h2 exd3
10.Qd1xd3 Nb8a6
11.a3 Na6c5
12.Qd3c2 a5
13.Nc3a4 Nc5e6
14.Bc1e3 d5
15.Be3b6 Qd8e8
16.cxd5 Nf6xd5
17.Bb6c5 Ne6xc5
18.Na4xc5 Be7xc5
19.Qc2xc5 Qe8g6
20.Nh2g4 Bc8xg4
21.Be2xg4 h5
22.Bg4e2 Nd5f4
23.Be2c4 Kh8
24.g3 Nf4xh3
25.Kh2 Nh3g5
26.Ra1d1 Qg6f5
27.f4 Qf5h3
28.Kg1 Qh3xg3
29.Kh1 Rf8xf4
30.Rf1xf4 exf4
31.Rd1d3 f3
32.Rd3d2 Ra8e8
33.Bc4f1 h4
34.Qc5f2 Ng5e4
35.Qf2h2 Ne4xd2
36.Qh2xg3 hxg3
{ resign }
0-1

[Event "Match"]
[Site "www.echecsemail.com"]
[Date "2015.01.21"]
[Round "1"]
[White "Nestor"]
[Black "Nozal"]
[WhiteElo "2070"]
[BlackElo "1840"]
[Result "1-0"]
[Round "1"]
1.e4 e5
2.Nb1c3 Ng8f6
3.Bf1c4 c6
4.d3 d5
5.exd5 cxd5
6.Bc4b3 Bc8e6
7.Ng1e2 Bf8d6
8.Bc1g5 h6
9.Bg5xf6 Qd8xf6
10.Nc3xd5 Qf6d8
11.O-O O-O
12.Ne2g3 Bd6c5
13.Nd5e3 Nb8c6
14.Ne3f5 h5
15.Qd1xh5 g6
16.Qh5g4 Qd8d7
17.Bb3xe6 Qd7xe6
18.Nf5h6 Kg7
19.Qg4xe6 fxe6
20.Nh6g4 Rf8f4
21.Ng4e3 Ra8f8
22.Ng3e4 Bc5b6
23.Ne3c4 Nc6d4
24.Nc4xe5 Nd4e2
25.Kh1 Bb6d4
26.Ne4g5 Rf8e8
27.Ne5f3 Bd4c5
28.Ra1e1 Ne2d4
29.c3 Nd4xf3
30.Ng5xf3 Kf6
31.Re1e5 Rf4xf3
32.Re5xc5 Rf3xd3
33.Rc5c7 Re8b8
34.h3 Rd3d2
35.Rf1e1 Rd2xb2
36.a4 Rb2xf2
37.Rc7c4 a5
38.Rc4e4 Rb8e8
39.Re4e5 b6
40.Re5b5 Rf2a2
41.Rb5xb6 Ra2xa4
42.Re1f1 Kg5
43.Rb6b5 e5
44.Rf1e1 Kf5
45.g4 Kf4
46.Kg1 e4
47.Kf2 e3
48.Kg2 Ra4a2
49.Kf1 Kf3
50.Rb5b6 Ra2f2
51.Kg1 Rf2g2
52.Kh1 Re8d8
53.Rb6f6 Kg3
54.Re1xe3 { resign }
1-0

[Event "Match"]
[Site "www.echecsemail.com"]
[Date "2015.01.21"]
[Round "1"]
[White "Apdash"]
[Black "Mdesouza"]
[WhiteElo "2180"]
[BlackElo "2170"]
[Result "0-1"]
[Round "1"]
1.d4 d5
2.Ng1f3 Ng8f6
3.c4 e6
4.Nb1c3 Bf8e7
5.cxd5 exd5
6.g3 O-O
7.Bf1g2 c6
8.O-O Bc8f5
9.Nf3h4 Bf5g4
10.Nh4f3 Nb8d7
11.Rf1e1 Rf8e8
12.Qd1c2 Bg4h5
13.Bc1f4 Bh5g6
14.Qc2b3 Nd7b6
15.Nf3e5 Be7d6
16.Ra1d1 Qd8c7
17.Ne5xg6 hxg6
18.Bf4xd6 Qc7xd6
19.e4 dxe4
20.Bg2xe4 Nf6xe4
21.Nc3xe4 Qd6d5
22.Qb3xd5 Nb6xd5
23.Ne4d6 Re8xe1
24.Rd1xe1 Ra8b8
25.a3 Kf8
26.f4 b6
27.Kf2 Rb8d8
28.Nd6c4 f6
29.Re1e6 Nd5e7
30.g4 Rd8xd4
31.b3 Rd4xf4
32.Kg3 Rf4d4
33.Re6e3 f5
{ resign }
0-1

[Event "Match"]
[Site "www.echecsemail.com"]
[Date "2015.01.21"]
[Round "1"]
[White "Lucmeneses"]
[Black "Add"]
[WhiteElo "1970"]
[BlackElo "1900"]
[Result "0-1"]
[Round "1"]
1.d4 d5
2.Ng1f3 Nb8c6
3.g3 e6
4.Bf1g2 h6
5.O-O Ng8f6
6.c3 Bf8d6
7.Nb1d2 Qd8e7
8.Rf1e1 Bc8d7
9.e4 dxe4
10.Nd2xe4 Nf6xe4
11.Re1xe4 O-O-O
12.d5 Nc6b8
13.dxe6 fxe6
14.Nf3d4 { time. }
0-1

[Event "Match"]
[Site "www.echecsemail.com"]
[Date "2015.01.21"]
[Round "1"]
[White "Markos123"]
[Black "Menace"]
[WhiteElo "1820"]
[BlackElo "2150"]
[Result "0-1"]
[Round "1"]
1.e4 c5
2.Nb1c3 d6
3.a4 e6
4.Bf1b5 Bc8d7
5.Qd1f3 Ng8f6
6.e5 dxe5
7.Qf3xb7 a6
8.Qb7xa8 axb5
9.axb5 Nf6d5
10.Ng1f3 Nd5xc3
11.bxc3 Bf8d6
12.c4 O-O
13.Qa8e4 f6
14.O-O f5
15.Qe4h4 Bd6e7
16.Qh4h5 Bd7e8
17.Qh5h3 e4
18.Nf3e5 Qd8d4
19.Qh3c3 Qd4d6
20.d3 Be7f6
21.Bc1f4 g5
22.Bf4g3 f4
23.dxe4 Bf6xe5
24.Ra1d1 Qd6xd1
25.Qc3d3 Qd1xd3
26.cxd3 fxg3
27.hxg3 Be8g6
28.b6 Nb8c6
29.g4 Rf8d8
30.g3 Rd8xd3
31.f3 Be5xg3
32.Kg2 Bg3f4
33.b7 Rd3b3
34.Rf1d1 Rb3xb7
35.Kf1 Nc6d4
36.Rd1a1 Nd4c2
37.Ra1a8 Kg7
38.Ke2 h5
39.Ra8c8 Nc2d4
40.Kd3 Nd4xf3
41.Rc8xc5 hxg4
42.Rc5b5 Rb7xb5
43.cxb5 g3
44.b6 g2
45.b7 g1Q
46.Kc4 Bg6xe4
47.Kb5 Bf4b8
48.Ka6 Qg1b1
{ resign }
0-1

[Event "Match"]
[Site "www.echecsemail.com"]
[Date "2015.01.21"]
[Round "1"]
[White "Fractal"]
[Black "Spartacus42"]
[WhiteElo "1930"]
[BlackElo "1809"]
[Result "0-1"]
[Round "1"]
1.e4 c6
2.d4 d5
3.exd5 cxd5
4.c4 e6
5.Nb1c3 Ng8f6
6.Ng1f3 Nb8c6
7.a3 dxc4
8.Bf1xc4 Bf8d6
9.O-O O-O
10.Bc1g5 h6
11.Bg5h4 a6
12.b4 b5
13.Bc4b3 Bc8b7
14.d5 exd5
15.Nc3xd5 Nc6e5
16.Nd5xf6 gxf6
17.Nf3xe5 Bd6xe5
18.Qd1g4 Kh8
19.Ra1d1 Qd8c7
20.Bh4g3 Ra8d8
 { time }
0-1

[Event "1/32 Finale"]
[Site "www.chess-mail.com"]
[Date "2015.01.21"]
[Round "1"]
[White "Pgcbies"]
[Black "Wildsmokey"]
[WhiteElo "2760"]
[BlackElo "2130"]
[Result "1-0"]
[Round "1"]
1.e4 e5
2.Ng1f3 Ng8f6
3.Nf3xe5 d6
4.Ne5xf7 Kxf7
5.d4 c5
6.dxc5 d5
7.e5 Qd8e8
8.f4 Bf8xc5
9.Bf1e2 Nb8d7
10.Nb1d2 Nd7xe5
11.fxe5 Qe8xe5
12.Nd2f3 Qe5e7
13.Bc1g5 Rh8e8
14.Bg5xf6 gxf6
15.Qd1xd5 Kf8
16.O-O-O Bc8e6
17.Qd5e4 Be6xa2
18.Qe4xe7 Re8xe7
19.Be2d3 Bc5e3
20.Nf3d2 Ba2d5
21.Rh1f1 Bd5xg2
22.Rf1xf6 Kg7
23.Rf6f5 Ra8f8
24.Rf5xf8 Kxf8
25.Kb1 Kg7
26.Nd2c4 Bg2c6
27.Nc4d6 Re7e5
28.Nd6f5 Kg8
29.Bd3c4 Kf8
30.Rd1d8 Bc6e8
31.Nf5xe3 Re5xe3
32.Rd8a8 a6
33.Bc4d5 { resign }
1-0

[Event "1/64 Finale"]
[Site "www.chess-mail.com"]
[Date "2015.01.21"]
[Round "1"]
[White "Difficult"]
[Black "Vasylpuzanov"]
[WhiteElo "1880"]
[BlackElo "1840"]
[Result "0-1"]
[Round "1"]
1.e4 e5
2.Ng1f3 Nb8c6
3.Nb1c3 Bf8c5
4.Bf1c4 Ng8f6
5.d3 d6
6.O-O Bc8g4
7.h3 Bg4h5
8.Rf1e1 Qd8d7
9.a3 Nc6d4
10.Bc1e3 Nd4xf3
11.gxf3 Qd7xh3
12.Be3xc5 Bh5xf3
{ resign }
0-1

[Event "1/128 Finale"]
[Site "www.chess-mail.com"]
[Date "2015.01.21"]
[Round "1"]
[White "Picifarkinca"]
[Black "Vasylpuzanov"]
[WhiteElo "1970"]
[BlackElo "1840"]
[Result "0-1"]
[Round "1"]
1.Ng1f3 Ng8f6
2.g3 g6
3.Bf1g2 Bf8g7
4.O-O d5
5.d3 c5
6.Nb1d2 Nb8c6
7.c3 O-O
8.Ra1b1 e5
9.e4 Bc8e6
10.Nf3g5 Be6g4
11.Qd1c2 Bg4e2
12.Rf1e1 dxe4
13.Nd2xe4 Be2xd3
{ resign }
0-1

[Event "Eq:CONFOEDERATIONIS HELVETICAE-Clubul Central de Sah : "]
[Site "www.chess-mail.com"]
[Date "2015.01.21"]
[Round "1"]
[White "Conde7"]
[Black "Rocadamica"]
[WhiteElo "2760"]
[BlackElo "2810"]
[Result "1/2-1/2"]
[Round "1"]
1.e4 c5
2.Ng1f3 d6
3.d4 cxd4
4.Nf3xd4 Ng8f6
5.Nb1c3 a6
6.Bc1g5 e6
7.Qd1f3 h6
8.Bg5e3 Nb8d7
9.Ra1d1 Qd8c7
10.a4 Nd7e5
11.Qf3g3 h5
12.Be3g5 Bc8d7
13.Bf1e2 Ra8c8
14.O-O Qc7b6
15.Nd4b3 h4
16.Qg3h3 Bf8e7
17.a5 Qb6c7
18.Rd1d4 Ne5c6
19.Rd4c4 e5
20.Qh3d3 Bd7e6
21.Rc4a4 Qc7d7
22.h3 Nf6h5
23.Bg5e3 Nh5f4
24.Be3xf4 exf4
25.Rf1a1 Be7f6
26.Qd3d2 Qd7d8
27.Qd2xf4 Bf6g5
28.Qf4h2 Bg5f6
{ draw }
1/2-1/2

[Event "Eq:CONFOEDERATIONIS HELVETICAE-Clubul Central de Sah : "]
[Site "www.chess-mail.com"]
[Date "2015.01.21"]
[Round "1"]
[White "Rocadamica"]
[Black "Conde7"]
[WhiteElo "2810"]
[BlackElo "2760"]
[Result "1/2-1/2"]
[Round "1"]
1.e4 c6
2.d4 d5
3.Nb1c3 dxe4
4.Nc3xe4 Bc8f5
5.Ne4g3 Bf5g6
6.Ng1f3 e6
7.h4 h6
8.Nf3e5 Bg6h7
9.Bf1d3 Bh7xd3
10.Qd1xd3 Nb8d7
11.Bc1f4 Nd7xe5
12.Bf4xe5 Qd8a5
13.c3 Ng8f6
14.O-O Nf6g4
15.Rf1e1 Ng4xe5
16.Re1xe5 Qa5c7
17.Re5e4 Bf8d6
18.Ng3f5 O-O
19.Nf5xd6 Qc7xd6
20.Ra1e1 Ra8d8
21.Re4g4 Kh8
22.Qd3f3 b6
23.b4 Rd8a8
24.a3 a5
25.Rg4g3 Ra8a7
26.Re1e5 axb4
27.axb4 Rf8g8
28.Kh2 { draw }
1/2-1/2

[Event "Eq:Slap Shot Mates-Equipo Juan Diaz : "]
[Site "www.chess-mail.com"]
[Date "2015.01.21"]
[Round "1"]
[White "Leswamp"]
[Black "Ilusion"]
[WhiteElo "2450"]
[BlackElo "1870"]
[Result "1-0"]
[Round "1"]
1.d4 d5
2.c4 c6
3.Nb1c3 Ng8f6
4.e3 Nb8d7
5.Ng1f3 e6
6.Qd1c2 dxc4
7.Bf1xc4 b5
8.Bc4d3 a6
9.Nc3e4 Bc8b7
10.Bc1d2 Ra8c8
11.b4 Bf8e7
12.O-O Nf6xe4
13.Bd3xe4 Nd7f6
14.Be4d3 Nf6d5
15.a3 h6
16.Nf3e5 O-O
17.f4 Be7d6
18.Rf1f3 Bd6xe5
19.fxe5 f5
20.Ra1f1 Qd8e7
21.Rf3g3 g5
22.Qc2d1 Qe7f7
23.e4 Nd5e7
24.Bd2xg5 hxg5
25.exf5 exf5
26.Rg3xg5 Kh8
27.Rf1f4 { resign }
1-0

[Event "Tourn. n7946"]
[Site "www.chess-mail.com"]
[Date "2015.01.22"]
[Round "1"]
[White "Dschelpe"]
[Black "A27l"]
[WhiteElo "1399"]
[BlackElo "1330"]
[Result "1-0"]
[Round "1"]
1.e4 e5
2.Ng1f3 d6
3.d4 Bf8e7
4.d5 h6
5.Bf1c4 Ng8f6
6.Bc4e2 O-O
7.Nb1c3 Nf6h7
8.O-O Be7g5
9.Bc1e3 Bg5xe3
10.fxe3 Bc8g4
11.Qd1e1 Bg4xf3
12.Be2xf3 Nh7g5
13.Bf3g4  { time }
1-0

[Event "Tourn. n7993"]
[Site "www.chess-mail.com"]
[Date "2015.01.22"]
[Round "1"]
[White "Emmanuelasi"]
[Black "Osopanda"]
[WhiteElo "2150"]
[BlackElo "2020"]
[Result "1-0"]
[Round "1"]
1.e4 c5
2.d4 cxd4
3.c3 dxc3
4.Nb1xc3 Nb8c6
5.Ng1f3 d6
6.Bf1c4 e6
7.Qd1e2 Ng8f6
8.O-O Bf8e7
9.Rf1d1 Qd8c7
10.Bc1f4 a6
11.Ra1c1 e5
12.Bf4e3 Bc8e6
13.Nc3d5 Be6xd5
14.exd5 Nc6d4
15.Be3xd4 exd4
16.Bc4b5 axb5
17.Rc1xc7 { resign }
1-0

[Event "Tourn. n8026"]
[Site "www.chess-mail.com"]
[Date "2015.01.22"]
[Round "1"]
[White "Tenzinnima"]
[Black "Krasin"]
[WhiteElo "2270"]
[BlackElo "2230"]
[Result "1-0"]
[Round "1"]
1.Ng1f3 f5
2.d4 Ng8f6
3.Nb1c3 g6
4.Bc1g5 Bf8g7
5.Qd1d2 O-O
6.O-O-O Nf6e4
7.Nc3xe4 fxe4
8.h4 exf3
9.exf3 Nb8c6
10.Bg5h6 Bg7xh6
11.Qd2xh6 e6
12.Bf1d3 Qd8f6
13.h5 Qf6f4
14.Qh6xf4 Rf8xf4
15.hxg6 hxg6
16.Bd3xg6 Rf4xd4
17.Rd1e1 Nc6e7
18.c3 Rd4f4
19.Bg6e4 d5
20.Rh1h7 Rf4xe4
21.Re1h1 Re4f4
22.Rh7xe7 Rf4f7
23.Re7e8 Rf7f8
24.Re8e7 c6
25.Rh1h7 Rf8f6
26.Re7g7 Kf8
27.g4 e5
28.g5 Rf6xf3
29.g6 Bc8e6
30.Rg7xb7 Be6g8
31.Rh7h8 { resign }
1-0